| 000 | 00445nam a2200145Ia 4500 | ||
|---|---|---|---|
| 003 | SGT | ||
| 020 | _a9780070486782 | ||
| 082 | _a005,7585,LON | ||
| 245 | _aOracle9i : the complete reference | ||
| 260 |
_bTata McGraw Hill Education Private Limited _aNew Delhi _c2002 |
||
| 300 | _a1268p. | ||
| 650 | _aCOMPUTER SCIENCE | ||
| 653 | _aCRITICAL DATABASE CONCEPTS,SQL AND SQL PLUS PL/SQL,OBJECT-RELATIONAL DATABASES,JAVA IN ORACLE | ||
| 942 |
_2ddc _cBK |
||
| 999 |
_c5671 _d5671 |
||